<?xml version="1.0" encoding="UTF-8"?>
<record
    xmlns:xsi="http://www.w3.org/2001/XMLSchema-instance"
    xsi:schemaLocation="http://www.loc.gov/MARC21/slim http://www.loc.gov/standards/marcxml/schema/MARC21slim.xsd"
    xmlns="http://www.loc.gov/MARC21/slim">

  <leader>04579nab a2200337 i 4500</leader>
  <controlfield tag="003">BR-BrBNA</controlfield>
  <controlfield tag="005">20250218134809.0</controlfield>
  <controlfield tag="008">250218b2020    bl.ar|pooa||| 00| 0 eng |</controlfield>
  <datafield tag="040" ind1=" " ind2=" ">
    <subfield code="a">BR-BrBNA</subfield>
    <subfield code="b">eng</subfield>
  </datafield>
  <datafield tag="072" ind1=" " ind2=" ">
    <subfield code="a">F40</subfield>
  </datafield>
  <datafield tag="100" ind1=" " ind2=" ">
    <subfield code="a">Silva, Helane Fran&#xE7;a </subfield>
  </datafield>
  <datafield tag="100" ind1=" " ind2=" ">
    <subfield code="a">Santos, Alice Maria Gon&#xE7;alves </subfield>
  </datafield>
  <datafield tag="100" ind1=" " ind2=" ">
    <subfield code="a">Santos, Marcos Vin&#xED;cius Oliveira dos</subfield>
  </datafield>
  <datafield tag="100" ind1=" " ind2=" ">
    <subfield code="a">Bezerra, Jos&#xE9; Luiz </subfield>
  </datafield>
  <datafield tag="100" ind1=" " ind2=" ">
    <subfield code="a">Luz, Edna Dora Martins Newman </subfield>
  </datafield>
  <datafield tag="245" ind1=" " ind2=" ">
    <subfield code="a">SEASONAL VARIATION IN THE OCCURRENCE OF FUNGI ASSOCIATED WITH FOREST SPECIES IN A CERRADO-CAATINGA TRANSITION AREA</subfield>
  </datafield>
  <datafield tag="500" ind1=" " ind2=" ">
    <subfield code="a">Publica&#xE7;&#xE3;o on-line; 30 ref.; 4 illus; Sumaries (En, Pt)</subfield>
  </datafield>
  <datafield tag="520" ind1=" " ind2=" ">
    <subfield code="a">

ABSTRACT &#x2013; Although ecotone areas occupy a signifi cant extent in Piau&#xED; State, there is little information about these areas, especially regarding the presence of microorganisms. Thus, this study evaluated the eff ect of seasonality on the occurrence of fungal genera associated with forest species in an ecotone Cerrado-Caatinga in Piau&#xED; State, Brazil. The experimental area consisted of one-hectare fragment within a legal reserve, where fi ve plots of 20m x 20m were established and the phytosociological survey was carried out. The collection of the material (healthy leaves and leaves with disease symptoms) was performed in two periods: the dry season (June and August/2017) and the rainy season (December/2017 and February/2018), totaling four collections. In the laboratory, isolation and purifi cation of fungi were performed. The fungal identifi cation was based on morphological characteristics and the use of identifi cation keys. The relative abundance of fungi was calculated, and the data were submitted to multivariate cluster analysis. In total, 225 isolates were found, related to 15 fungal genera, associated with 10 forest species. The occurrence of fungi in the area was infl uenced by seasonal variation, with more isolates found in the dry period, as examples of important groups, whether benefi cial or phytopathogenic microorganisms are: Trichoderma spp. and Lasiodiplodia spp. It was also observed that fungi are more likely to occur in forest species like Bauhinia cheilantha and Pityrocarpa moniliformis, belonging to the Fabaceae family.

Keywords: Ecotone; Mycodiversity; Seasonality.</subfield>
  </datafield>
  <datafield tag="520" ind1=" " ind2=" ">
    <subfield code="a">

RESUMO &#x2013; Embora as &#xE1;reas de ec&#xF3;tonos ocupem uma extens&#xE3;o significativa no estado do Piau&#xED;, h&#xE1; pouca informa&#xE7;&#xE3;o sobre essas &#xE1;reas, especialmente quanto &#xE0; ocorr&#xEA;ncia de microrganismos. Assim, nesse estudo avaliou-se o efeito da sazonalidade na ocorr&#xEA;ncia de g&#xEA;neros de fungos associados a esp&#xE9;cies florestais em &#xE1;rea de transi&#xE7;&#xE3;o Cerrado-Caatinga no estado do Piau&#xED;, Brasil. A &#xE1;rea experimental consistiu em um fragmento de um hectare dentro de uma reserva legal, onde foram estabelecidas cinco parcelas de 20m x 20m e feito o levantamento fitossociol&#xF3;gico. A coleta do material (folhas sadias e com sintomas de doen&#xE7;as) foi realizada em dois per&#xED;odos: seco (junho e agosto/2017) e chuvoso (dezembro/2017 e fevereiro/2018), totalizando quatro coletas. No laborat&#xF3;rio, foram feitos o isolamento e a purifica&#xE7;&#xE3;o dos fungos. A identifica&#xE7;&#xE3;o desses foi realizada com base nas caracter&#xED;sticas morfol&#xF3;gicas, consultando &#xE0; chaves de identifica&#xE7;&#xE3;o. Calculou-se a abund&#xE2;ncia relativa dos fungos e os dados foram submetidos &#xE0; an&#xE1;lise multivariada de agrupamento. No total, foram encontrados 225 isolados relacionados a 15 g&#xEA;neros f&#xFA;ngicos, associados a 10 esp&#xE9;cies florestais. A ocorr&#xEA;ncia de fungos na &#xE1;rea foi influenciada pela varia&#xE7;&#xE3;o sazonal, com maior n&#xFA;mero de isolados encontrados no per&#xED;odo seco, a exemplo de grupos importantes, seja de microrganismos ben&#xE9;ficos ou fitopatog&#xEA;nicos como Trichoderma spp. e Lasiodiplodia spp. Foi observada tamb&#xE9;m maior tend&#xEA;ncia de ocorr&#xEA;ncia dos fungos nas esp&#xE9;cies florestais Bauhinia cheilantha e Pityrocarpa moniliformis, pertencentes &#xE0; fam&#xED;lia Fabaceae.

Palavras-Chave: Ec&#xF3;tono; Micodiversidade; Sazonalidade.</subfield>
  </datafield>
  <datafield tag="650" ind1=" " ind2=" ">
    <subfield code="a">ESS&#xCA;NCIA FLORESTAL</subfield>
  </datafield>
  <datafield tag="650" ind1=" " ind2=" ">
    <subfield code="a">CERRADO</subfield>
  </datafield>
  <datafield tag="650" ind1=" " ind2=" ">
    <subfield code="a">CAATINGA</subfield>
  </datafield>
  <datafield tag="650" ind1=" " ind2=" ">
    <subfield code="a">VARIA&#xC7;&#xC3;O SAZONAL</subfield>
  </datafield>
  <datafield tag="650" ind1=" " ind2=" ">
    <subfield code="a">FUNGO</subfield>
  </datafield>
  <datafield tag="650" ind1=" " ind2=" ">
    <subfield code="a">PESQUISA</subfield>
  </datafield>
  <datafield tag="650" ind1=" " ind2=" ">
    <subfield code="a">PIAU&#xCD;</subfield>
  </datafield>
  <datafield tag="773" ind1="0" ind2=" ">
    <subfield code="0">812</subfield>
    <subfield code="9">346927</subfield>
    <subfield code="d">Vi&#xE7;osa-MG Sociedade de Investiga&#xE7;&#xF5;es Florestais - Universidade Federal de Vi&#xE7;osa. Depto. de Engenharia Florestal 1977</subfield>
    <subfield code="o">2024-7725</subfield>
    <subfield code="t">Revista &#xC1;rvore (Brazil)</subfield>
    <subfield code="x">0100-6762</subfield>
    <subfield code="g">v. 44 p. 1-9; (2020)</subfield>
    <subfield code="w">BR2024004771</subfield>
  </datafield>
  <datafield tag="856" ind1=" " ind2=" ">
    <subfield code="u">https://www.scielo.br/j/rarv/a/HpRXhhFGrFrNQxtPKYvsP4p/?format=pdf&amp;lang=en</subfield>
  </datafield>
  <datafield tag="942" ind1=" " ind2=" ">
    <subfield code="c">ANA</subfield>
  </datafield>
  <datafield tag="999" ind1=" " ind2=" ">
    <subfield code="c">330021</subfield>
    <subfield code="d">330021</subfield>
  </datafield>
</record>
